Normal view
MARC view
- Chaghatai, M. Ikram
Entry Personal Name
001 - CONTROL NUMBER
- control field: 96808
003 - CONTROL NUMBER IDENTIFIER
- control field: NUST
005 - DATE AND TIME OF LATEST TRANSACTION
- control field: 20220811100226.0
008 - FIXED-LENGTH DATA ELEMENTS
- fixed length control field: 220811|| aca||aabn | a|a d
040 ## - CATALOGING SOURCE
- Original cataloging agency: NUST
- Transcribing agency: NUST
100 ## - HEADING--PERSONAL NAME
- Personal name: Chaghatai, M. Ikram
670 ## - SOURCE DATA FOUND
- Source citation: Work cat.: (NUST): Chaghatai, M. Ikram, Baba Fariduddin Masud Ganj-i Shakar:, 2007.
